La lógica de la investigación social

Na minha lista:
Detalhes bibliográficos
Autor principal: Gibson, Quentin (Autor)
Formato: Livro
Idioma:espanhol
Publicado em: Madrid Tecnos 1964
Edição:2a. ed
coleção:Estructura y función. El porvenir actual de la ciencia, 1
Assuntos:
Tags: Adicionar Tag
Sem tags, seja o primeiro a adicionar uma tag!

MARC

LEADER 00000nam a2200000 a 4500
001 UCZ0533
003 CL-VaPUC
008 950728e19640000SP |||||||||||||||||spa|d
082 0 4 |a 301  |b GIB  |2 21 
100 0 |a Gibson, Quentin  |e author  |9 343457 
245 1 3 |a La lógica de la investigación social 
250 |a 2a. ed 
300 |a 299 p 
942 |c BK 
945 |d 19950728 00:00:00  |a cmena 
260 |a Madrid  |b Tecnos  |c 1964 
650 0 |a Ciencias sociales  |v Investigación  |9 307767 
650 0 |a Métodos de investigación   |9 262618 
650 0 |a Psicología social   |9 222894 
650 0 |a Sociología   |9 255410 
650 0 |a Lógica  |9 256849 
583 |a last modification  |c 19950728 00:00:00  |k Rodrigo Vera 
490 0 |a Estructura y función. El porvenir actual de la ciencia, 1 
999 |c 237452  |d 237450 
952 |0 0  |1 0  |4 0  |6 301_000000000000000_GIB_1964  |7 0  |8 P  |9 246537  |a BIBEDU  |b BIBEDU  |c BIBEDU_PB  |d 2019-11-18  |i 1547054  |o 301 GIB 1964  |p 1547054  |r 2024-01-25  |w 2019-11-18  |y BK  |k EDU 
952 |0 0  |1 0  |4 0  |6 301_000000000000000_GIB_1964  |7 0  |8 P  |9 246538  |a BIBEDU  |b BIBEDU  |c BIBEDU_PB  |d 2019-11-18  |i 1547062  |o 301 GIB 1964  |p 1547062  |r 2024-01-25  |w 2019-11-18  |y BK  |k EDU 
952 |0 0  |1 0  |4 0  |6 301_000000000000000_GIB_1964  |7 0  |8 P  |9 246539  |a BIBEDU  |b BIBEDU  |c BIBEDU_PB  |d 2019-11-18  |i 1586262  |o 301 GIB 1964  |p 1586262  |r 2024-01-25  |w 2019-11-18  |y BK  |k FIL 
952 |0 0  |1 0  |4 0  |6 301_000000000000000_GIB_1964  |7 0  |8 P  |9 246540  |a BIBEDU  |b BIBEDU  |c BIBEDU_PB  |d 2019-11-18  |i 1586270  |o 301 GIB 1964  |p 1586270  |r 2024-01-25  |w 2019-11-18  |y BK  |k FIL 
952 |0 0  |1 0  |4 0  |6 301_000000000000000_GIB_1964  |7 0  |8 A  |9 246541  |a BIBGIM  |b BIBGIM  |d 2019-11-18  |i 4077067  |o 301 GIB 1964  |p 4077067  |r 2025-01-15  |w 2019-11-18  |y BK  |k GIM 
952 |0 0  |1 0  |4 0  |6 301_000000000000000_GIB_1964  |7 0  |8 A  |9 246542  |a FDOPOS  |b FDOPOS  |d 2019-11-18  |i 4270045  |o 301 GIB 1964  |p 4270045  |r 2025-01-22  |w 2019-11-18  |y BK  |k MLA